Court of assistants of the Worshipful Company of Goldsmiths, December, 1795.

Bibliographic Details
Corporate Authors: Worshipful Company of Goldsmiths, Gale (Firm)
Format: eBook
Language:English
Published: [London] : [publisher not identified], [1795]
Subjects:
Online Access:Connect to the full text of this electronic book

MARC

Tag First Indicator Second Indicator Subfields
LEADER 00000cam a2200000 4500
001 in00003824607
005 20190415190048.0
006 m o d
007 cr |n||||||||n
008 891211s1795 enk|||| o 00| ||eng c
035 |a (CU-RivES)T197152 
035 |a (Uk-ES)006291740 
035 |a (OCoLC)509618739 
040 |a Uk-ES  |c Uk-ES  |d CStRLIN  |d Cengage Gale  |d UtOrBLW 
110 2 |a Worshipful Company of Goldsmiths.  |0 http://id.loc.gov/authorities/names/n50043080 
245 1 0 |a Court of assistants of the Worshipful Company of Goldsmiths, December, 1795. 
264 1 |a [London] :  |b [publisher not identified],  |c [1795] 
300 |a 1 online resource (1 sheet)  
336 |a text  |b txt  |2 rdacontent 
337 |a computer  |b c  |2 rdamedia 
338 |a online resource  |b cr  |2 rdacarrier 
500 |a A list of names and addresses beginning: "The Right Hon. Thomas Harley, .. Samuel Wood, Esq. .. William Smith, Esq. .. Joseph Rose, Esq. .. George Cooper, Esq. ..". 
510 4 |a English Short Title Catalog,  |c T197152. 
500 |a Reproduction of original from Bodleian Library (Oxford). 
500 |a Electronic resource. 
650 0 |a Goldsmiths  |z England  |v Early works to 1800. 
655 7 |a Electronic books.  |2 local 
710 2 |a Gale (Firm)  |0 http://id.loc.gov/authorities/names/no2008071348 
752 |a Great Britain  |b England  |d London. 
856 4 0 |u http://proxy.library.tamu.edu/login?url=http://find.galegroup.com/ecco/infomark.do?contentSet=ECCOArticles&docType=ECCOArticles&bookId=1325103200&type=getFullCitation&tabID=T001&prodId=ECCO&docLevel=TEXT_GRAPHICS&version=1.0&source=library&userGroupName=txshracd2898  |z Connect to the full text of this electronic book  |t 0 
999 f f |s f714bbc0-47f5-3657-b236-ff7568e40cfa  |i 213be6d9-d6a6-32f6-9564-56a96728b178  |t 0 
952 f f |a Texas A&M University  |b College Station  |c Electronic Resources  |d Available Online  |t 0  |h No information provided 
998 f f |t 0  |l Available Online